[Event "Montigny le Bretonneux op 25th"]
[Site "Montigny le Bretonneux"]
[Date "2023.05.21"]
[Round "9"]
[White "Fayolle, Guy"]
[Black "Foare, Etienne"]
[Result "0-1"]
[WhiteElo "1615"]
[BlackElo "1318"]
[PlyCount "87"]
[EventDate "2023.05.18"]
[EventType "swiss"]
[EventRounds "9"]
[EventCountry "FRA"]
[SourceTitle "CBM 214 Extra"]
[Source "ChessBase"]
[SourceDate "2023.07.31"]
[SourceVersion "1"]
[SourceVersionDate "2023.07.31"]
[SourceQuality "1"]

1. e4 c6 2. d4 d5 3. e5 c5 4. c3 Nc6 5. Nf3 cxd4 6. cxd4 Bg4 7. Bb5 e6 8. 0-0 Nge7 9. Bg5 Qb6 10. Bxe7 Bxe7 11. Qd3 Bxf3 12. gxf3 0-0 13. Bxc6 bxc6 14. b3 c5 15. dxc5 Bxc5 16. Nd2 Bd4 17. Rae1 Rfc8 18. f4 Rc3 19. Qb1 Rac8 20. Kg2 Qb4 21. f5 Rc2 22. Nc4 Rxf2+ 23. Rxf2 Bxf2 24. Kxf2 dxc4 25. fxe6 Qb6+ 26. Kg2 Qxe6 27. Re3 c3 28. Qc2 Qg6+ 29. Qxg6 hxg6 30. Re1 c2 31. Rc1 Kf8 32. Kf3 Ke7 33. Ke4 Ke6 34. Kd4 Rd8+ 35. Ke3 Kxe5 36. Rxc2 f5 37. Rc7 f4+ 38. Ke2 Kf5 39. Rxa7 g5 40. b4 g4 41. b5 f3+ 42. Kf2 Rd2+ 43. Kf1 Rxh2 44. Ra8 0-1

[Event "Montigny le Bretonneux op 25th"]
[Site "Montigny le Bretonneux"]
[Date "2023.05.21"]
[Round "7"]
[White "Fayolle, Guy"]
[Black "Hoarau, Jules"]
[Result "0-1"]
[WhiteElo "1615"]
[BlackElo "1416"]
[PlyCount "92"]
[EventDate "2023.05.18"]
[EventType "swiss"]
[EventRounds "9"]
[EventCountry "FRA"]
[SourceTitle "CBM 214 Extra"]
[Source "ChessBase"]
[SourceDate "2023.07.31"]
[SourceVersion "1"]
[SourceVersionDate "2023.07.31"]
[SourceQuality "1"]

1. e4 d5 2. exd5 Nf6 3. c4 c6 4. dxc6 Nxc6 5. Be2 e5 6. d3 Bf5 7. Nf3 Bc5 8. 0-0 Qb6 9. Nh4 Be6 10. Nc3 Qc7 11. Be3 Be7 12. h3 0-0-0 13. Qa4 a6 14. a3 Rdg8 15. b4 Nd4 16. Bxd4 exd4 17. Nd5 Bxd5 18. cxd5 Nxd5 19. Rac1 Nc3 20. Bg4+ Kb8 21. Rxc3 dxc3 22. Nf5 Bg5 23. Qc2 h5 24. Bf3 g6 25. Ne3 Bxe3 26. fxe3 Qe5 27. Re1 Rc8 28. d4 Qg3 29. Re2 Rhe8 30. e4 Rc4 31. Qd3 Rec8 32. Rc2 Qe1+ 33. Kh2 Qa1 34. d5 Qxa3 35. d6 Qxb4 36. d7 Rd8 37. Qd5 Rd4 38. Qxf7 R4xd7 39. Qxg6 Rd2 40. Rxd2 Rxd2 41. Qxh5 c2 42. Qe8+ Ka7 43. Qc8 Qd6+ 44. Kg1 Qd4+ 45. Kh2 Qf2 46. Kh1 Rd1+ 0-1

[Event "Montigny le Bretonneux op 25th"]
[Site "Montigny le Bretonneux"]
[Date "2023.05.20"]
[Round "6"]
[White "Piquard, Yaroslav"]
[Black "Fayolle, Guy"]
[Result "1-0"]
[WhiteElo "1616"]
[BlackElo "1615"]
[PlyCount "87"]
[EventDate "2023.05.18"]
[EventType "swiss"]
[EventRounds "9"]
[EventCountry "FRA"]
[SourceTitle "CBM 214 Extra"]
[Source "ChessBase"]
[SourceDate "2023.07.31"]
[SourceVersion "1"]
[SourceVersionDate "2023.07.31"]
[SourceQuality "1"]

1. e4 e5 2. Nf3 Nc6 3. Bc4 Nf6 4. Ng5 d5 5. exd5 Na5 6. Bb5+ c6 7. dxc6 bxc6 8. Qf3 Bd7 9. Ba4 h6 10. Ne4 Nd5 11. Nbc3 Be7 12. Qg3 0-0 13. d3 Bh4 14. Qxe5 Re8 15. Qd4 f5 16. Nxd5 cxd5 17. Qxd5+ Be6 18. Qxd8 Rexd8 19. Nc5 Bd5 20. 0-0 Be7 21. Nb3 Nxb3 22. Bxb3 Rac8 23. Re1 Kf8 24. Re2 Bc5 25. Be3 Bxb3 26. axb3 Bxe3 27. fxe3 Rc7 28. Ra5 g6 29. Rf2 Kg7 30. g4 fxg4 31. e4 Rdc8 32. c3 Rd8 33. d4 Rb8 34. b4 Rb6 35. e5 Re7 36. Kg2 h5 37. Kg3 g5 38. e6 Rbxe6 39. Rxg5+ Kh6 40. Kh4 Rg6 41. Rxh5+ Kg7 42. Rg5 Re4 43. Rxg6+ Kxg6 44. d5 1-0

[Event "Montigny le Bretonneux op 25th"]
[Site "Montigny le Bretonneux"]
[Date "2023.05.18"]
[Round "1"]
[White "Fayolle, Guy"]
[Black "Druet, Arnaud"]
[Result "0-1"]
[WhiteElo "1615"]
[BlackElo "1199"]
[PlyCount "76"]
[EventDate "2023.05.18"]
[EventType "swiss"]
[EventRounds "9"]
[EventCountry "FRA"]
[SourceTitle "CBM 214 Extra"]
[Source "ChessBase"]
[SourceDate "2023.07.31"]
[SourceVersion "1"]
[SourceVersionDate "2023.07.31"]
[SourceQuality "1"]

1. e4 c6 2. d4 d5 3. e5 Bf5 4. Nf3 e6 5. Bd3 Bxd3 6. Qxd3 Nd7 7. Be3 c5 8. Qb5 Qc7 9. c3 a6 10. Qe2 cxd4 11. cxd4 Bb4+ 12. Nbd2 Ne7 13. 0-0 0-0 14. Nh4 Nf5 15. Nxf5 exf5 16. Qf3 Bxd2 17. Bxd2 Qc2 18. Bb4 Rfe8 19. Qxd5 Nf8 20. Rac1 Qxb2 21. Rc7 Ne6 22. Rxb7 Qxd4 23. Qxd4 Nxd4 24. f4 Rec8 25. h3 Rab8 26. Rxb8 Rxb8 27. Bd6 Rb2 28. Rf2 Rb1+ 29. Kh2 Nb5 30. Rd2 h5 31. Kg3 Nc3 32. Rc2 Ne4+ 33. Kf3 Rf1+ 34. Ke3 Re1+ 35. Re2 Rxe2+ 36. Kxe2 Nc3+ 37. Kd2 Nxa2 38. Kc2 a5 0-1

[Event "Montigny le Bretonneux op 19th"]
[Site "Montigny le Bretonneux"]
[Date "2021.10.24"]
[Round "2"]
[White "Gaillard, Michel"]
[Black "Fayolle, Guy"]
[Result "1-0"]
[WhiteElo "1883"]
[BlackElo "1679"]
[PlyCount "83"]
[EventDate "2021.10.23"]
[EventType "swiss"]
[EventRounds "7"]
[EventCountry "FRA"]
[SourceTitle "CBM 204 Extra"]
[Source "ChessBase"]
[SourceDate "2021.11.30"]
[SourceVersion "1"]
[SourceVersionDate "2021.11.30"]
[SourceQuality "1"]

1. e4 e5 2. Nf3 Nc6 3. Bb5 Nf6 4. d3 d6 5. h3 Be7 6. 0-0 a6 7. Ba4 b5 8. Bb3 Na5 9. Nbd2 0-0 10. a3 Nxb3 11. Nxb3 c5 12. Re1 Bb7 13. Nbd2 Nd7 14. Nf1 f5 15. Ng3 f4 16. Nf5 g6 17. Nh6+ Kg7 18. Ng4 Nf6 19. Nxf6 Bxf6 20. c3 Qb6 21. a4 bxa4 22. Qxa4 Bc6 23. Qa5 Qb7 24. c4 Bd8 25. Qd2 a5 26. Qc2 a4 27. Bd2 g5 28. Bc3 Qd7 29. Nh2 Bf6 30. Qe2 Qf7 31. g4 fxg3 32. fxg3 Bd7 33. g4 Bc6 34. Nf1 Bd7 35. Ng3 Be7 36. Rf1 Qe8 37. Rxf8 Bxf8 38. Nh5+ Kg6 39. Rf1 Be7 40. Qf2 Qh8 41. Qf7+ Kh6 42. Qxe7 1-0

[Event "Montigny Autumn-B 17th"]
[Site "Montigny le Bretonneux"]
[Date "2018.10.28"]
[Round "9"]
[White "Branson, James"]
[Black "Fayolle, Guy"]
[Result "0-1"]
[WhiteElo "1582"]
[BlackElo "1677"]
[PlyCount "106"]
[EventDate "2018.10.20"]
[EventType "tourn"]
[EventRounds "9"]
[EventCountry "FRA"]
[SourceTitle "EXT 2020"]
[Source "ChessBase"]
[SourceDate "2019.10.17"]
[SourceVersion "1"]
[SourceVersionDate "2019.10.17"]
[SourceQuality "1"]

1. e4 e5 2. Nf3 Nc6 3. Bb5 a6 4. Ba4 Nf6 5. 0-0 d6 6. Qe2 Be7 7. c3 0-0 8. Rd1 Bg4 9. d3 b5 10. Bc2 h6 11. Nbd2 Nh7 12. Nf1 Bg5 13. Ne3 Bxe3 14. Qxe3 f5 15. exf5 Bxf5 16. Kh1 Nf6 17. h3 Qd7 18. Nh4 Bh7 19. g4 g5 20. Ng2 Ne7 21. Qg3 Kh8 22. Ne3 Ng6 23. b3 Qc6+ 24. Kh2 Nh4 25. Kg1 Qxc3 26. Bd2 Qc6 27. Kf1 Nd5 28. Nxd5 Qxd5 29. Be3 Rf3 30. Qh2 Raf8 31. Ke2 Ng6 32. Rf1 Nf4+ 33. Ke1 Nxd3+ 34. Bxd3 Qxd3 35. Bd2 Qe4+ 36. Kd1 Qc2+ 37. Ke1 Rd3 38. f3 Rfxf3 39. Rxf3 Rxf3 40. Rc1 Qe4+ 41. Qe2 c5 42. Rc3 Rxc3 43. Qxe4 Bxe4 44. Bxc3 Bg2 45. Kf2 Bxh3 46. Kf3 Kg7 47. a4 bxa4 48. bxa4 Kf6 49. Ba5 d5 50. Bb6 c4 51. a5 c3 52. Be3 d4 53. Bc1 d3 0-1

[Event "Montigny Autumn-B 17th"]
[Site "Montigny le Bretonneux"]
[Date "2018.10.26"]
[Round "7"]
[White "Couronne, Patrice"]
[Black "Fayolle, Guy"]
[Result "0-1"]
[WhiteElo "1614"]
[BlackElo "1677"]
[PlyCount "90"]
[EventDate "2018.10.20"]
[EventType "tourn"]
[EventRounds "9"]
[EventCountry "FRA"]
[SourceTitle "EXT 2020"]
[Source "ChessBase"]
[SourceDate "2019.10.17"]
[SourceVersion "1"]
[SourceVersionDate "2019.10.17"]
[SourceQuality "1"]

1. d4 Nf6 2. c4 g6 3. Nc3 Bg7 4. e4 d6 5. Be2 0-0 6. f4 c5 7. d5 a6 8. g4 e6 9. g5 Ne8 10. h4 h5 11. Bxh5 gxh5 12. Qxh5 Bh8 13. Nh3 Bxc3+ 14. bxc3 exd5 15. f5 Qe7 16. Nf2 Bxf5 17. 0-0 dxe4 18. Be3 Nd7 19. Ng4 Bxg4 20. Qxg4 Qe6 21. Qg3 Ne5 22. Rf4 Nxc4 23. Rf6 Qe7 24. Rc1 Ne5 25. Rd1 Rd8 26. Rdf1 Qd7 27. R1f4 Ng6 28. Rxe4 Nxf6 29. gxf6 Qf5 30. Rf4 Qh5 31. Rg4 Kh8 32. Rg5 Qh7 33. h5 Rg8 34. hxg6 Rxg6 35. Rxg6 Qxg6 36. Qxg6 fxg6 37. Bh6 Kg8 38. f7+ Kxf7 39. Bg5 Re8 40. Kf2 Re4 41. Kf3 d5 42. Bd8 Ra4 43. Bb6 c4 44. Ke3 Rxa2 45. Kd4 Ke6 0-1

[Event "Montigny Autumn-B 17th"]
[Site "Montigny le Bretonneux"]
[Date "2018.10.23"]
[Round "4"]
[White "Fayolle, Guy"]
[Black "Gazay, Didier"]
[Result "1-0"]
[WhiteElo "1677"]
[BlackElo "1657"]
[PlyCount "85"]
[EventDate "2018.10.20"]
[EventType "tourn"]
[EventRounds "9"]
[EventCountry "FRA"]
[SourceTitle "EXT 2020"]
[Source "ChessBase"]
[SourceDate "2019.10.17"]
[SourceVersion "1"]
[SourceVersionDate "2019.10.17"]
[SourceQuality "1"]

1. e4 e6 2. d4 d5 3. Nd2 Nf6 4. e5 Nfd7 5. Bd3 c5 6. c3 Nc6 7. Ngf3 c4 8. Bb1 b5 9. a3 a5 10. 0-0 Be7 11. h3 Nb6 12. Nh2 Bd7 13. Qg4 g6 14. f4 Qc7 15. Nhf3 0-0-0 16. b3 cxb3 17. Nxb3 Na4 18. Bd2 Rdf8 19. Bd3 Qb6 20. Bc2 Nb2 21. Ra2 Nc4 22. Bc1 a4 23. Na1 Qa5 24. Bd3 Qxc3 25. Bxc4 bxc4 26. Rd1 Qa5 27. Nc2 Qa7 28. Bd2 Kc7 29. Rb1 h6 30. Qg3 Rb8 31. Bb4 Rb7 32. Qe1 Rhb8 33. Qc3 Rb5 34. Kh2 Qb7 35. Bxe7 Nxe7 36. Nb4 Qa8 37. Ne1 R8b6 38. Ned3 Qe8 39. Nc5 Bc8 40. Nxa4 Rb8 41. Nc5 Kd8 42. a4 R5b6 43. Nba6 1-0

[Event "Montigny le Bretonneux Noel op 18th"]
[Site "Montigny le Bretonneux"]
[Date "2017.12.28"]
[Round "3"]
[White "Fayolle, Guy"]
[Black "Montay, Jean Paul"]
[Result "1-0"]
[WhiteElo "1742"]
[BlackElo "1360"]
[PlyCount "47"]
[EventDate "2017.12.26"]
[EventType "swiss"]
[EventRounds "7"]
[EventCountry "FRA"]
[SourceTitle "CBM 182 Extra"]
[Source "ChessBase"]
[SourceDate "2018.02.23"]
[SourceVersion "1"]
[SourceVersionDate "2018.02.23"]
[SourceQuality "1"]

1. e4 c5 2. Nf3 Nc6 3. d4 cxd4 4. Nxd4 Qc7 5. Nc3 a6 6. Be2 e6 7. 0-0 Nf6 8. Be3 Be7 9. f4 d6 10. g4 d5 11. exd5 Nxd5 12. Nxd5 exd5 13. Bf3 Nxd4 14. Bxd4 Bc5 15. Re1+ Kf8 16. c3 f5 17. gxf5 Bxf5 18. Re5 Bxd4+ 19. Qxd4 Be4 20. Bxe4 dxe4 21. Rf5+ Ke8 22. Re1 Qd7 23. Rxe4+ Kd8 24. Rd5 1-0

[Event "Montigny le Bretonneux Noel op 17th"]
[Site "Montigny le Bretonneux"]
[Date "2016.12.29"]
[Round "5"]
[White "Fayolle, Guy"]
[Black "Coquelin, Jonathan"]
[Result "1-0"]
[WhiteElo "1818"]
[BlackElo "1439"]
[PlyCount "63"]
[EventDate "2016.12.26"]
[EventType "swiss"]
[EventRounds "7"]
[EventCountry "FRA"]
[SourceTitle "CBM 176 Extra"]
[Source "ChessBase"]
[SourceDate "2017.03.02"]
[SourceVersion "1"]
[SourceVersionDate "2017.03.02"]
[SourceQuality "1"]

1. e4 c5 2. Nf3 Nc6 3. d4 cxd4 4. Nxd4 Nf6 5. Nc3 d6 6. Be2 e6 7. Be3 Be7 8. Qd2 0-0 9. 0-0-0 a6 10. g4 Nxd4 11. Bxd4 e5 12. Be3 b5 13. g5 Ng4 14. Nd5 Nxe3 15. Nxe7+ Qxe7 16. Qxe3 f5 17. gxf6 Qxf6 18. Rd2 Kh8 19. Qa3 Bb7 20. f3 Qf4 21. Kd1 Qf7 22. Rxd6 Rfd8 23. Rxd8+ Rxd8+ 24. Kc1 Qf4+ 25. Kb1 Qd2 26. Qe7 Qd7 27. Qxe5 Re8 28. Qf4 b4 29. Rd1 Qe7 30. Qd6 Qg5 31. Qd7 Rb8 32. Qc7 1-0

[Event "Montigny le Bretonneux-B 15th"]
[Site "Montigny le Bretonneux"]
[Date "2016.10.27"]
[Round "6.2"]
[White "Couronne, Patrice"]
[Black "Fayolle, Guy"]
[Result "0-1"]
[WhiteElo "1666"]
[BlackElo "1757"]
[PlyCount "98"]
[EventDate "2016.10.22"]
[EventType "tourn"]
[EventRounds "9"]
[EventCountry "FRA"]
[SourceTitle "EXT 2024"]
[Source "ChessBase"]
[SourceDate "2023.10.10"]
[SourceVersion "1"]
[SourceVersionDate "2023.10.10"]
[SourceQuality "1"]

1. d4 Nf6 2. c4 g6 3. Nc3 Bg7 4. Nf3 0-0 5. g3 c6 6. Bg2 d6 7. 0-0 Nbd7 8. h3 e5 9. dxe5 dxe5 10. Bg5 h6 11. Be3 a5 12. Qc1 Kh7 13. Rd1 Qc7 14. Qc2 Re8 15. Nd2 Nh5 16. Nde4 Bf8 17. c5 Re6 18. Na4 f5 19. Qc4 Ndf6 20. Nb6 Rb8 21. Nc3 Re8 22. Nxc8 Rbxc8 23. Rd2 Rcd8 24. Rad1 Rxd2 25. Rxd2 f4 26. gxf4 Nxf4 27. Bxf4 exf4 28. Ne4 Nxe4 29. Bxe4 Re5 30. Bf3 Rxc5 31. Qe6 Bg7 32. Be4 Rg5+ 33. Kf1 Qe5 34. Qc4 Qc5 35. Qb3 Qc1+ 36. Rd1 Qxb2 37. Qf7 Qf6 38. Qxb7 Qe6 39. Bg2 c5 40. Rd7 Qf6 41. Rd1 c4 42. Qc8 c3 43. Bd5 h5 44. Bb3 f3 45. Qc4 Qf5 46. Qe6 Rg1+ 47. Kxg1 Qg5+ 48. Qg4 hxg4 49. Kh2 Qf4+ 0-1

[Event "Montigny le Bretonneux-B 15th"]
[Site "Montigny le Bretonneux"]
[Date "2016.10.25"]
[Round "4.3"]
[White "Fayolle, Guy"]
[Black "Verat Fayolle, Celian"]
[Result "1/2-1/2"]
[WhiteElo "1757"]
[BlackElo "1669"]
[PlyCount "59"]
[EventDate "2016.10.22"]
[EventType "tourn"]
[EventRounds "9"]
[EventCountry "FRA"]
[SourceTitle "EXT 2024"]
[Source "ChessBase"]
[SourceDate "2023.10.10"]
[SourceVersion "1"]
[SourceVersionDate "2023.10.10"]
[SourceQuality "1"]

1. e4 e5 2. Nf3 Nf6 3. Nxe5 d6 4. Nf3 Nxe4 5. Qe2 Qe7 6. d3 Nf6 7. Qxe7+ Bxe7 8. Be2 0-0 9. 0-0 Nc6 10. Nc3 Be6 11. Be3 Nd5 12. Nxd5 Bxd5 13. Nd4 Nxd4 14. Bxd4 Rae8 15. Rfe1 Bd8 16. Bf1 Rxe1 17. Rxe1 Bc6 18. Bc3 Re8 19. Rxe8+ Bxe8 20. Be2 Bc6 21. Bd4 f5 22. f4 Kf7 23. Kf2 Bf6 24. Bxf6 Kxf6 25. Bf3 Bxf3 26. Kxf3 d5 27. d4 b5 28. b4 h5 29. h4 g6 30. g3 1/2-1/2

[Event "Montigny le Bretonneux Noel op 16th"]
[Site "Montigny le Bretonneux"]
[Date "2015.12.29"]
[Round "5"]
[White "Artieres, Michel"]
[Black "Fayolle, Guy"]
[Result "1/2-1/2"]
[WhiteElo "1701"]
[BlackElo "1706"]
[PlyCount "142"]
[EventDate "2015.12.27"]
[EventType "swiss"]
[EventRounds "7"]
[EventCountry "FRA"]
[SourceTitle "CBM 170 Extra"]
[Source "ChessBase"]
[SourceDate "2016.02.25"]
[SourceVersion "1"]
[SourceVersionDate "2016.02.25"]
[SourceQuality "1"]

1. e4 e5 2. Nf3 Nc6 3. Bb5 Nf6 4. Qe2 d6 5. c3 Be7 6. 0-0 0-0 7. Rd1 a6 8. Ba4 b5 9. Bb3 Na5 10. Bc2 c5 11. d3 Nc6 12. Nbd2 Bg4 13. Nf1 Qc8 14. h3 Be6 15. Ng3 h6 16. Bb3 Nh7 17. Be3 Bf6 18. Rac1 a5 19. d4 c4 20. Bc2 exd4 21. Nxd4 Nxd4 22. Bxd4 Be5 23. Bxe5 dxe5 24. Qh5 f6 25. Nf5 Bxf5 26. exf5 Qc6 27. Qg4 Rad8 28. Be4 Qc5 29. h4 Rfe8 30. Rxd8 Rxd8 31. Rd1 Rd6 32. Qe2 Nf8 33. Rd2 Nd7 34. Qd1 Rxd2 35. Qxd2 Nb6 36. Bf3 Qc7 37. g4 Kf8 38. g5 hxg5 39. hxg5 fxg5 40. Qxg5 Qe7 41. Qe3 Qd6 42. Be4 Qh6 43. Qc5+ Kg8 44. Qxe5 Qc1+ 45. Kg2 Qg5+ 46. Qg3 Qxg3+ 47. fxg3 Kf7 48. Kf3 Kf6 49. Kf4 b4 50. Bc6 Nc8 51. g4 Ne7 52. Bb5 bxc3 53. bxc3 Nd5+ 54. Kf3 Ke5 55. Bxc4 Nxc3 56. Kg3 a4 57. Kh4 Kf6 58. Kh5 a3 59. Be6 Ne4 60. Bd5 Nd6 61. Bg8 Ne4 62. Bh7 Ng5 63. Bg8 Ne4 64. Bb3 Nc3 65. Kh4 Ne4 66. Kh3 Kg5 67. Be6 Nf2+ 68. Kg3 Nxg4 69. Kf3 Nh6 70. Ke4 Kf6 71. Bd7 Nf7 1/2-1/2

[Event "Montigny le Bretonneux op 13th"]
[Site "Montigny le Bretonneux"]
[Date "2014.10.21"]
[Round "4"]
[White "Fayolle, Guy"]
[Black "Rousseau, Philippe"]
[Result "1-0"]
[WhiteElo "1754"]
[BlackElo "1760"]
[PlyCount "33"]
[EventDate "2014.10.18"]
[EventType "swiss"]
[EventRounds "9"]
[EventCountry "FRA"]
[SourceTitle "EXT 2016"]
[Source "ChessBase"]
[SourceDate "2015.10.08"]
[SourceVersion "1"]
[SourceVersionDate "2015.10.08"]
[SourceQuality "1"]

1. e4 e6 2. d4 d5 3. Nd2 Nf6 4. e5 Nfd7 5. c3 c5 6. Ngf3 Nc6 7. Bd3 cxd4 8. cxd4 Be7 9. 0-0 b6 10. Nb3 h6 11. Be3 Nb4 12. Bb1 Ba6 13. Re1 Rc8 14. a3 Nc6 15. Nfd2 0-0 16. Qg4 f5 17. Qg6 1-0

[Event "Montigny le Bretonneux Noel op 15th"]
[Site "Montigny le Bretonneux"]
[Date "2012.12.30"]
[Round "6"]
[White "Baron, Anthony"]
[Black "Fayolle, Guy"]
[Result "1/2-1/2"]
[WhiteElo "1814"]
[BlackElo "1820"]
[PlyCount "120"]
[EventDate "2012.12.26"]
[EventType "swiss"]
[EventRounds "7"]
[EventCountry "FRA"]
[SourceTitle "CBM 152 Extra"]
[Source "ChessBase"]
[SourceDate "2013.02.25"]
[SourceVersion "1"]
[SourceVersionDate "2013.02.25"]
[SourceQuality "1"]

1. e4 e5 2. Nf3 Nc6 3. Bb5 a6 4. Ba4 Nf6 5. 0-0 Be7 6. Re1 b5 7. Bb3 d6 8. h3 0-0 9. c3 Na5 10. Bc2 c5 11. d4 cxd4 12. cxd4 Qc7 13. Bg5 h6 14. Bh4 Bb7 15. Nbd2 Rac8 16. Rc1 Nh7 17. Bg3 Ng5 18. dxe5 dxe5 19. Bxe5 Nxf3+ 20. Nxf3 Qb6 21. Bd4 Qe6 22. b3 Rfd8 23. Qe2 Nc6 24. Bb2 Bb4 25. Red1 Ba5 26. Nh2 Nb4 27. Bb1 Rxc1 28. Rxc1 Nc6 29. Rd1 Re8 30. Qg4 Qxg4 31. Nxg4 Bb6 32. Kf1 h5 33. Nh2 Ne5 34. f3 a5 35. g4 hxg4 36. hxg4 b4 37. Kg2 Ng6 38. Rd7 Nf4+ 39. Kh1 Ba8 40. Nf1 Rd8 41. Rxd8+ Bxd8 42. Ng3 f6 43. Bd4 Bc6 44. Kg1 Kf7 45. Kf2 Bc7 46. Ne2 Ne6 47. Be3 Bb5 48. Nd4 Nxd4 49. Bxd4 g5 50. Ke1 Ke6 51. Kd2 Bf4+ 52. Be3 Ke5 53. Bd3 Bc6 54. Bc4 Bb7 55. Kd3 Bxe3 56. Kxe3 Bc6 57. Kd3 Bd7 58. Ba6 Be6 59. Bb7 Bf7 60. Ba6 Be6 1/2-1/2

[Event "Montigny le Bretonneux Noel op 15th"]
[Site "Montigny le Bretonneux"]
[Date "2012.12.28"]
[Round "4"]
[White "Mongey, Alain"]
[Black "Fayolle, Guy"]
[Result "0-1"]
[WhiteElo "1667"]
[BlackElo "1820"]
[PlyCount "78"]
[EventDate "2012.12.26"]
[EventType "swiss"]
[EventRounds "7"]
[EventCountry "FRA"]
[SourceTitle "CBM 152 Extra"]
[Source "ChessBase"]
[SourceDate "2013.02.25"]
[SourceVersion "1"]
[SourceVersionDate "2013.02.25"]
[SourceQuality "1"]

1. d4 Nf6 2. Bg5 g6 3. Nf3 Bg7 4. e3 0-0 5. c4 d5 6. Nc3 c6 7. c5 b6 8. b4 bxc5 9. Bxf6 Bxf6 10. bxc5 Nd7 11. Be2 Nxc5 12. 0-0 Nd7 13. Na4 c5 14. Rc1 c4 15. Nc3 Nb6 16. e4 e6 17. exd5 exd5 18. Ne1 Re8 19. Nc2 Rb8 20. Bf3 Bf5 21. Nb4 Qd6 22. Nbxd5 Bd3 23. Nxf6+ Qxf6 24. Ne2 Rbd8 25. Re1 Bxe2 26. Rxe2 Rxe2 27. Qxe2 Qxd4 28. Qc2 Qd2 29. Qb1 Qd3 30. Qb2 Na4 31. Qb4 Nb6 32. h3 Qd2 33. Qb1 Qf4 34. Re1 c3 35. Re3 Qd4 36. Qc2 Rc8 37. Rd3 Qa4 38. Qc1 c2 39. Ra3 Qxa3 0-1

[Event "Montigny le Bretonneux Noel op 15th"]
[Site "Montigny le Bretonneux"]
[Date "2012.12.27"]
[Round "3"]
[White "Fayolle, Guy"]
[Black "Canto, Jean Louis"]
[Result "1-0"]
[WhiteElo "1820"]
[BlackElo "1654"]
[PlyCount "61"]
[EventDate "2012.12.26"]
[EventType "swiss"]
[EventRounds "7"]
[EventCountry "FRA"]
[SourceTitle "CBM 152 Extra"]
[Source "ChessBase"]
[SourceDate "2013.02.25"]
[SourceVersion "1"]
[SourceVersionDate "2013.02.25"]
[SourceQuality "1"]

1. e4 c5 2. Nf3 d6 3. d4 cxd4 4. Nxd4 Nf6 5. Nc3 a6 6. Be3 e6 7. Bd3 Bd7 8. g4 e5 9. Nf5 g6 10. g5 Nh5 11. Nd5 Be6 12. Bb6 Qxg5 13. Nc7+ Kd7 14. Ng3 Nf4 15. Bf1 Nc6 16. Nxa8 Bg4 17. f3 Bh3 18. Bxh3+ Nxh3 19. Qd2 Qh4 20. Be3 Nd4 21. Bxd4 exd4 22. Qxd4 f6 23. Nb6+ Ke8 24. 0-0-0 Bh6+ 25. Kb1 Bf4 26. Qa4+ Kf7 27. Qd7+ Kg8 28. Nd5 Nf2 29. Nc7 Nxh1 30. Ne6 Bh6 31. Qe8+ 1-0